Gravity Falls Characters - Picture Click Quiz - Statistics

General Stats
  • This quiz has been taken 187 times
  • The average score is 26 of 30
Answer Stats
Hint Extra Hint Answer % Correct
Mabel Pines Click on the correct character
100%
Dipper Pines Click on the correct character
99%
"Old Man" McGucket Click on the correct character
98%
Wendy Click on the correct character
97%
Stanley Pines Click on the correct character
97%
Bill Cipher Click on the correct character
97%
Ford Pines Click on the correct character
97%
Lil' Gideon Click on the correct character
96%
Pacifica Northwest Click on the correct character
95%
Soos Ramirez Click on the correct character
94%
Waddles Click on the correct character
93%
The Time Baby Click on the correct character
92%
Grenda Click on the correct character
90%
Candy Click on the correct character
89%
"Lazy" Susan Wentworth Click on the correct character
88%
Abuelita Click on the correct character
87%
Robby Valentino Click on the correct character
87%
Mermando Click on the correct character
85%
Celestabellabethabelle Click on the correct character
85%
Sir Lord Quentin Trembley III Click on the correct character
84%
.GIFfany Click on the correct character
84%
Sheriff Blubs Click on the correct character
82%
Deputy Durland Click on the correct character
79%
Blendin Blandin Click on the correct character
75%
Shandra Jimenez Click on the correct character
75%
Manly Dan Click on the correct character
73%
Tyler Cutebiker Click on the correct character
72%
Rumble McSkirmish Click on the correct character
70%
Bud Gleeful Click on the correct character
70%
Toby Determined Click on the correct character
60%
No matching quizzes found
Score Distribution
Percent of People with Each Score
Percentile by Number Answered
Your Score History
You have not taken this quiz